RB Leipzig - Atletico Madrid Champions League 2019-20 - Statistics

General Stats
  • This quiz has been taken 90 times
  • The average score is 18 of 31
Answer Stats
Player % Correct
Jan Oblak
83%
Koke
83%
Péter Gulácsi
80%
José Giménez
76%
Saúl Ñíguez
76%
João Félix ¹
73%
Dayot Upamecano
71%
Diego Costa
69%
Diego Simeone
69%
Lukas Klostermann
69%
Stefan Savić
69%
Yussuf Poulsen
68%
Álvaro Morata
67%
Renan Lodi
65%
Angeliño
63%
Kieran Trippier
61%
Yannick Carrasco
59%
Marcel Sabitzer
56%
Marcos Llorente
56%
Dani Olmo ¹
55%
Christopher Nkunku
53%
Konrad Laimer
48%
Nordi Mukiele
48%
Kevin Kampl
47%
Felipe
45%
Julian Nagelsmann
45%
Tyler Adams ¹
45%
Marcel Halstenberg
41%
Héctor Herrera
32%
Amadou Haidara
28%
Patrik Schick
24%
No matching quizzes found
Score Distribution
Percent of People with Each Score
Percentile by Number Answered
Your Score History
You have not taken this quiz